[Event "21st European Teams"]
[Site "Hersonissos GRE"]
[Date "2017.11.05"]
[Round "8.20"]
[Board "4"]
[White "Grant, Jonathan I M"]
[Black "Sadiku, Bedri"]
[Result "1-0"]
[BlackTitle "IM"]
[WhiteElo "2179"]
[BlackElo "2213"]
[WhiteTeam "Scotland"]
[BlackTeam "Kosovo"]
[WhiteFideId "2400294"]
[BlackFideId "915998"]
[EventDate "2017.10.28"]

1. c4 g6 2. Nc3 Bg7 3. g3 Nc6 4. Bg2 d6 5. d3 e5 6. e4 Nh6 7. Nge2 O-O 8. h4 f6
9. f3 Be6 10. Be3 Ne7 11. Qb3 b6 12. d4 c5 13. dxe5 dxe5 14. Rd1 Qc8 15. Nd5 Nc6
16. Nec3 Kh8 17. Qc2 Nd4 18. Qd2 Ng8 19. O-O Qd7 20. Rb1 Rac8 21. b3 Bh3 22.
Bxh3 Qxh3 23. Qg2 Qd7 24. Kh2 Ne7 25. Nxe7 Qxe7 26. Nd5 Qd6 27. Qd2 f5 28. exf5
gxf5 29. Kg2 Rce8 30. Rbe1 Rg8 31. Bxd4 cxd4 32. Qg5 Rgf8 33. g4 e4 34. fxe4
fxe4 35. Rxf8+ Qxf8 36. Rf1 Qd6 37. Rf7 Qg6 38. Qf4 e3 39. Ne7 Qc2+ 40. Kh3 e2
41. Rxg7 Kxg7 42. Qg5+ Kf7 43. Nf5 Qc3+ 44. Kh2 e1=Q 45. Nh6+ Ke6 46. Qd5+ Ke7
47. Qb7+ Kd6 48. Nf7+ Kc5 49. Qd5+ Kb4 50. Qd6+ Ka5 51. Qa3# 1-0

[Event "21st European Teams"]
[Site "Hersonissos GRE"]
[Date "2017.11.06"]
[Round "9.1"]
[Board "3"]
[White "Naiditsch, Arkadij"]
[Black "Ponomariov, Ruslan"]
[Result "1/2-1/2"]
[WhiteTitle "GM"]
[BlackTitle "GM"]
[WhiteElo "2702"]
[BlackElo "2687"]
[WhiteTeam "Azerbaijan"]
[BlackTeam "Ukraine"]
[WhiteFideId "4650891"]
[BlackFideId "14103320"]
[EventDate "2017.10.28"]

1. e4 d6 2. d4 Nf6 3. Nc3 g6 4. Be3 c6 5. h3 Bg7 6. Nge2 b5 7. a3 O-O 8. g4 e5
9. d5 Bb7 10. Ng3 a6 11. g5 Nfd7 12. h4 Re8 13. h5 Nb6 14. hxg6 hxg6 15. Nf5
cxd5 16. Bxb6 Qxb6 17. Bxb5 gxf5 18. Bxe8 Qd8 19. Qh5 Qxe8 20. exf5 Qe7 21. f6
Bxf6 22. gxf6 Qxf6 23. O-O-O d4 24. Ne4 Bxe4 25. Qg4+ Kf8 26. Qxe4 Ra7 27. Rd3
Nd7 28. Rf3 Qg5+ 29. Kb1 Ke7 30. Qc6 Nf6 31. Rh8 Qg1+ 32. Ka2 Qg4 33. Rh6 Qe4
34. Qxe4 Nxe4 35. Rxf7+ Kxf7 36. Rh7+ Ke6 37. Rxa7 Nxf2 38. Kb1 e4 39. Rxa6 e3
40. Kc1 d3 41. cxd3 Nxd3+ 42. Kd1 Nxb2+ 43. Ke2 Nc4 1/2-1/2

[Event "21st European Teams"]
[Site "Hersonissos GRE"]
[Date "2017.11.06"]
[Round "9.1"]
[Board "4"]
[White "Kuzubov, Yuriy"]
[Black "Mamedov, Rauf"]
[Result "1/2-1/2"]
[WhiteTitle "GM"]
[BlackTitle "GM"]
[WhiteElo "2690"]
[BlackElo "2678"]
[WhiteTeam "Ukraine"]
[BlackTeam "Azerbaijan"]
[WhiteFideId "14112906"]
[BlackFideId "13401653"]
[EventDate "2017.10.28"]

1. Nf3 c5 2. c4 g6 3. d4 cxd4 4. Nxd4 Nc6 5. e4 Nf6 6. Nc3 d6 7. Be2 Nxd4 8.
Qxd4 Bg7 9. Be3 O-O 10. Qd2 a5 11. Rc1 a4 12. f3 Be6 13. Nb5 Nd7 14. O-O Qa5 15.
Rfd1 Rfc8 16. Nd4 Nc5 17. Qxa5 Rxa5 18. Nxe6 Nxe6 19. Rd5 Nc5 20. Rb1 Ra6 21.
Rd2 Rb6 22. Rc2 Rb4 23. Rd2 Bc3 24. Rc2 Bg7 25. Rd2 Ra8 26. g3 h5 27. Kg2 Bc3
28. Rc2 Bg7 29. Bd2 Rb6 30. Be3 Rb4 1/2-1/2

[Event "21st European Teams"]
[Site "Hersonissos GRE"]
[Date "2017.11.06"]
[Round "9.2"]
[Board "2"]
[White "Nepomniachtchi, Ian"]
[Black "Meier, Georg"]
[Result "1-0"]
[WhiteTitle "GM"]
[BlackTitle "GM"]
[WhiteElo "2733"]
[BlackElo "2655"]
[WhiteTeam "Russia"]
[BlackTeam "Germany"]
[WhiteFideId "4168119"]
[BlackFideId "4675789"]
[EventDate "2017.10.28"]

1. e4 e6 2. d4 d5 3. Nc3 dxe4 4. Nxe4 Nd7 5. Nf3 Ngf6 6. Nxf6+ Nxf6 7. g3 b6 8.
Bb5+ Bd7 9. a4 a6 10. Be2 Bc6 11. O-O Be7 12. Ne5 Bb7 13. c4 Nd7 14. Bf3 Bxf3
15. Qxf3 Nxe5 16. dxe5 O-O 17. Rd1 Qe8 18. Be3 Bb4 19. h4 h6 20. Rd4 Bc5 21. Rg4
Bxe3 22. Qxe3 Kh8 23. c5 Qc6 24. cxb6 Qxb6 25. Qc3 Rfd8 26. Rc4 Rd7 27. Rc1 Rb8
28. b4 Kg8 29. h5 Qb7 30. Kh2 Qd5 31. Qe3 Qd2 32. Qxd2 Rxd2 33. Rf4 Rb7 34. Kg2
Rd5 35. Rc6 Rxe5 36. Rxa6 Rxh5 37. b5 g6 38. Ra8+ Kg7 39. Re8 c6 40. bxc6 Rc7
41. Rc4 Kf6 42. Ra8 Ke7 43. a5 Kd6 44. Rd8+ Ke7 45. Ra8 Kd6 46. Ra4 Kxc6 47. a6
Kb6 48. Rb4+ Kc6 49. a7 Ra5 50. Rc4+ Kb7 51. Rxc7+ Kxa8 52. Rxf7 h5 53. Rh7 Rxa7
54. Rh8+ Kb7 55. Rh6 Kc6 56. Rxg6 Kd6 57. Kh3 Ra1 58. Rh6 Ke7 59. Rxh5 Kf6 60.
Rh6+ Kf7 61. Kh4 Re1 62. Kg4 Kg7 63. Rh5 Kg6 64. f4 Rg1 65. Re5 Kf6 66. Kf3 Rf1+
67. Kg2 Ra1 68. g4 Ra3 69. Kf2 Ra1 70. Re3 Rb1 71. Kf3 Rb5 72. Kg3 Ra5 73. Rb3
Ra1 74. g5+ Kf5 75. Rb5+ Kg6 76. Re5 Kf7 77. Re3 Ra4 78. Kf3 Rb4 79. Ra3 Rc4 80.
Ra7+ Kf8 81. g6 Rc1 82. Kg4 Rg1+ 83. Kh5 Kg8 84. Kh6 Rh1+ 85. Kg5 Rf1 86. Re7 1-0

[Event "21st European Teams"]
[Site "Hersonissos GRE"]
[Date "2017.11.06"]
[Round "9.2"]
[Board "3"]
[White "Bluebaum, Matthias"]
[Black "Vitiugov, Nikita"]
[Result "0-1"]
[WhiteTitle "GM"]
[BlackTitle "GM"]
[WhiteElo "2643"]
[BlackElo "2728"]
[WhiteTeam "Germany"]
[BlackTeam "Russia"]
[WhiteFideId "24651516"]
[BlackFideId "4152956"]
[EventDate "2017.10.28"]

1. d4 Nf6 2. c4 e6 3. Nf3 d5 4. Nc3 a6 5. cxd5 exd5 6. Bg5 Be6 7. e3 Nbd7 8. Bd3
h6 9. Bf4 g5 10. Bg3 Nh5 11. Be5 Ng7 12. h3 Nxe5 13. Nxe5 c6 14. O-O Bd6 15. Rc1
h5 16. e4 g4 17. exd5 cxd5 18. g3 h4 19. hxg4 hxg3 20. fxg3 Qg5 21. Qf3 Bxe5 22.
dxe5 Qxe5 23. Qf4 Qxf4 24. gxf4 Rh4 25. Be2 Bxg4 26. Nxd5 Bxe2 27. Rfe1 Kf8 28.
Rxe2 Rd8 29. Re5 Ne6 30. Rf1 Rg4+ 31. Kh2 Kg7 32. Kh3 Rg6 33. Rh5 Ng5+ 34. fxg5
Rxd5 35. Kg4 Rd2 36. b3 Rxa2 37. Rf3 Rb6 38. Rhh3 Rg2+ 39. Rhg3 Rxg3+ 40. Kxg3
Kg6 41. Kg4 Rb4+ 42. Kg3 Rb5 0-1

[Event "21st European Teams"]
[Site "Hersonissos GRE"]
[Date "2017.11.06"]
[Round "9.2"]
[Board "4"]
[White "Matlakov, Maxim"]
[Black "Fridman, Daniel"]
[Result "1/2-1/2"]
[WhiteTitle "GM"]
[BlackTitle "GM"]
[WhiteElo "2730"]
[BlackElo "2626"]
[WhiteTeam "Russia"]
[BlackTeam "Germany"]
[WhiteFideId "4168003"]
[BlackFideId "11600454"]
[EventDate "2017.10.28"]

1. d4 d5 2. Nf3 Nf6 3. c4 e6 4. g3 dxc4 5. Bg2 c5 6. O-O Nc6 7. dxc5 Qxd1 8.
Rxd1 Bxc5 9. Nfd2 Na5 10. Na3 Bxa3 11. bxa3 c3 12. Nb3 Nxb3 13. axb3 Bd7 14. Ra2
Rc8 15. Rc2 O-O 16. Rd3 Nd5 17. e4 Bb5 18. Rf3 Nf6 19. Rfxc3 Rxc3 20. Rxc3 Rd8
21. f3 Rd1+ 22. Kf2 Bc6 23. Bf1 Rd8 24. Bd3 Ne8 25. Be3 a6 26. a4 Rc8 27. b4 Nd6
28. Bf4 Bd7 29. Ra3 Ne8 30. b5 axb5 31. axb5 f6 32. Ra7 e5 33. Rxb7 Bxb5 34.
Rxb5 exf4 35. gxf4 Kf7 36. e5 g6 37. Be4 Rc7 38. Rb6 Re7 39. e6+ Kg7 40. f5 Kh6
41. Kg3 Ng7 42. Kg4 Ra7 43. e7 Rxe7 44. Rxf6 Nxf5 45. Bxf5 Kg7 46. Re6 gxf5+ 47.
Kxf5 Rf7+ 48. Kg4 Ra7 49. f4 Ra5 50. Re5 Ra2 51. h4 Kf6 52. Rf5+ Kg7 53. Rb5
Rg2+ 54. Kf5 Rh2 55. Rb7+ Kh6 56. Ke6 Rxh4 57. f5 Ra4 58. f6 Kg6 59. Rg7+ Kh6
60. Rd7 Kg6 1/2-1/2

[Event "21st European Teams"]
[Site "Hersonissos GRE"]
[Date "2017.11.06"]
[Round "9.3"]
[Board "1"]
[White "Solak, Dragan"]
[Black "Saric, Ivan"]
[Result "0-1"]
[WhiteTitle "GM"]
[BlackTitle "GM"]
[WhiteElo "2626"]
[BlackElo "2662"]
[WhiteTeam "Turkey"]
[BlackTeam "Croatia"]
[WhiteFideId "916811"]
[BlackFideId "14508150"]
[EventDate "2017.10.28"]

1. e4 c5 2. Nf3 e6 3. d4 cxd4 4. Nxd4 Nc6 5. Nc3 Qc7 6. Be3 a6 7. Bd3 Nf6 8. O-O
b5 9. Nxc6 Qxc6 10. Be2 Qc7 11. Qd4 d6 12. a4 e5 13. Nd5 Nxd5 14. Qxd5 Bb7 15.
Qb3 b4 16. Qxb4 Be7 17. f3 d5 18. Qb3 d4 19. Bd2 O-O 20. Bd3 Rab8 21. Qc4 Qb6
22. b4 Bc8 23. Qd5 Qc7 24. Rfb1 Rb6 25. Qa5 Bd7 26. b5 Rfb8 27. Rb3 axb5 28.
axb5 h5 29. Qa7 Qc8 30. Rf1 Bc5 31. Qa4 Ra8 32. Ba5 Rba6 33. bxa6 Bxa4 34. Rb7
Bxc2 35. Bc4 d3+ 36. Kh1 Ra7 37. Bxf7+ Kh7 38. Bd5 Rxa6 39. Rc7 Qxc7 40. Bxc7 d2 0-1

[Event "21st European Teams"]
[Site "Hersonissos GRE"]
[Date "2017.11.06"]
[Round "9.3"]
[Board "2"]
[White "Bosiocic, Marin"]
[Black "Yilmaz, Mustafa"]
[Result "1-0"]
[WhiteTitle "GM"]
[BlackTitle "GM"]
[WhiteElo "2619"]
[BlackElo "2633"]
[WhiteTeam "Croatia"]
[BlackTeam "Turkey"]
[WhiteFideId "14507927"]
[BlackFideId "6302718"]
[EventDate "2017.10.28"]

1. d4 Nf6 2. c4 e6 3. Nf3 d5 4. g3 dxc4 5. Bg2 c5 6. O-O Nc6 7. Qa4 Bd7 8. Qxc4
b5 9. Qd3 c4 10. Qd1 Rc8 11. b3 Be7 12. bxc4 bxc4 13. Nc3 O-O 14. Bd2 Nb4 15.
Ne5 Be8 16. Be1 Nd7 17. a3 Nxe5 18. axb4 Nc6 19. Bxc6 Rxc6 20. b5 Rc7 21. f3 Rb7
22. Rb1 Qb8 23. d5 Bxb5 24. dxe6 fxe6 25. Qd4 Qc8 26. Ne4 Rd8 27. Qe3 Bc6 28.
Bc3 Bd5 29. Qf4 Bf8 30. Rxb7 Qxb7 31. Qg5 Rc8 32. Nf6+ Kh8 33. Ng4 Qe7 34. Qf4
Kg8 35. Ra1 Qc7 36. Qg5 Kh8 37. Kg2 Ra8 38. h4 Qf7 39. e4 Bb7 40. h5 Be7 41. Qb5
Rb8 42. Rxa7 Rf8 43. Ne5 1-0

[Event "21st European Teams"]
[Site "Hersonissos GRE"]
[Date "2017.11.06"]
[Round "9.3"]
[Board "3"]
[White "Can, Emre"]
[Black "Stevic, Hrvoje"]
[Result "1-0"]
[WhiteTitle "GM"]
[BlackTitle "GM"]
[WhiteElo "2604"]
[BlackElo "2616"]
[WhiteTeam "Turkey"]
[BlackTeam "Croatia"]
[WhiteFideId "6302181"]
[BlackFideId "14502569"]
[EventDate "2017.10.28"]

1. d4 d5 2. Nf3 Nf6 3. c4 dxc4 4. e3 Bg4 5. Bxc4 e6 6. h3 Bh5 7. Nc3 Nc6 8. Bb5
Bd6 9. e4 Bb4 10. Qa4 O-O 11. Bxc6 Bxc3+ 12. bxc3 bxc6 13. Nd2 c5 14. O-O Qd7
15. Qxd7 Nxd7 16. Ba3 Rfd8 17. Rac1 a5 18. f3 f6 19. Nb3 cxd4 20. cxd4 a4 21.
Na1 Ra7 22. Nc2 Nb8 23. Be7 Rc8 24. Nb4 Be8 25. Rf2 Rb7 26. a3 Bb5 27. Rfc2 Na6
28. Kf2 Nxb4 29. Bxb4 Rd8 30. Ke3 c6 31. h4 Kf7 32. Rc5 Rbd7 33. Ba5 Ra8 34. Bc3
Rad8 35. g4 h6 36. h5 Re8 37. Rc2 Red8 38. f4 Rh8 39. Rg2 Re8 40. Rf2 Kg8 41.
Rd2 Kh7 42. Bb4 Kg8 43. Rg2 Red8 44. Bc3 Re8 45. Kf3 Bd3 46. Rd2 Bb5 47. f5 Rde7
48. e5 Rd7 49. fxe6 Rd5 50. Rxd5 cxd5 51. Rb2 Ba6 52. Rb6 Bc8 53. Rb4 fxe5 54.
dxe5 Bxe6 55. Rxa4 Rf8+ 56. Kg3 Rb8 57. Ra6 Rb3 58. Rxe6 Rxc3+ 59. Kf4 Rxa3 60.
Rd6 Rd3 61. Kf5 d4 62. Ke6 Rd1 63. Kd7 Re1 64. e6 Re4 65. Rd5 1-0

[Event "21st European Teams"]
[Site "Hersonissos GRE"]
[Date "2017.11.06"]
[Round "9.3"]
[Board "4"]
[White "Martinovic, Sasa"]
[Black "Sanal, Vahap"]
[Result "1/2-1/2"]
[WhiteTitle "GM"]
[BlackTitle "GM"]
[WhiteElo "2565"]
[BlackElo "2549"]
[WhiteTeam "Croatia"]
[BlackTeam "Turkey"]
[WhiteFideId "14509792"]
[BlackFideId "6300545"]
[EventDate "2017.10.28"]

1. d4 Nf6 2. c4 e6 3. Nc3 Bb4 4. g3 c5 5. Nf3 Nc6 6. Bg2 Ne4 7. Bd2 Nxd2 8. Qxd2
d6 9. O-O O-O 10. Rfd1 a6 11. dxc5 Bxc5 12. a3 a5 13. Ne4 Qb6 14. e3 Rd8 15. Nd4
Bxd4 16. exd4 e5 17. c5 dxc5 18. dxc5 Qc7 19. Qg5 Be6 20. Nd6 h6 21. Qe3 a4 22.
Rac1 Bb3 23. Re1 Rab8 24. Qe4 Na5 25. Qxe5 b6 26. Nf5 Qxe5 27. Rxe5 Kf8 28. c6
Rbc8 29. Rb5 Be6 30. Ne3 Nb3 31. Rd1 Rxd1+ 32. Nxd1 Rb8 33. Nc3 Nc5 34. Rb4 Bb3
35. Nb5 Ke7 36. Rd4 Rc8 37. Nd6 Rc7 38. Nb5 Rc8 39. Na7 Rc7 40. Nb5 1/2-1/2

[Event "21st European Teams"]
[Site "Hersonissos GRE"]
[Date "2017.11.06"]
[Round "9.4"]
[Board "1"]
[White "Adams, Michael"]
[Black "Leko, Peter"]
[Result "1/2-1/2"]
[WhiteTitle "GM"]
[BlackTitle "GM"]
[WhiteElo "2727"]
[BlackElo "2679"]
[WhiteTeam "England"]
[BlackTeam "Hungary"]
[WhiteFideId "400041"]
[BlackFideId "703303"]
[EventDate "2017.10.28"]

1. c4 c5 2. g3 g6 3. Bg2 Bg7 4. Nc3 Nc6 5. Nf3 d6 6. O-O e6 7. e3 Nge7 8. d4 O-O
9. Re1 Rb8 10. b3 Nf5 11. Ne2 cxd4 12. Nfxd4 Ncxd4 13. Nxd4 Nxd4 14. exd4 b5 15.
Be3 Bb7 16. Rc1 Bxg2 17. Kxg2 bxc4 18. bxc4 Rb2 19. d5 Rxa2 20. c5 dxc5 21. Bxc5
Re8 22. dxe6 fxe6 23. Qb3 Rb2 24. Qa4 Qa8+ 25. Kg1 a6 26. Red1 Bf8 27. Be3 Rb4
28. Qd7 Re7 29. Qd6 Re8 30. Qd7 Re7 31. Qd6 Re8 32. Qd7 1/2-1/2

[Event "21st European Teams"]
[Site "Hersonissos GRE"]
[Date "2017.11.06"]
[Round "9.4"]
[Board "2"]
[White "Rapport, Richard"]
[Black "Howell, David W L"]
[Result "1-0"]
[WhiteTitle "GM"]
[BlackTitle "GM"]
[WhiteElo "2686"]
[BlackElo "2698"]
[WhiteTeam "Hungary"]
[BlackTeam "England"]
[WhiteFideId "738590"]
[BlackFideId "410608"]
[EventDate "2017.10.28"]

1. e4 e5 2. Nf3 Nc6 3. Bc4 Bc5 4. c3 Nf6 5. d3 O-O 6. b4 Be7 7. Nbd2 d5 8. Bb3
dxe4 9. dxe4 Bd6 10. Qc2 a5 11. b5 Nb8 12. O-O Nbd7 13. a4 Nc5 14. Ba3 Nxb3 15.
Qxb3 Be6 16. c4 Nd7 17. Qe3 Qe7 18. Nxe5 Bxa3 19. Nxd7 Rfd8 20. Rxa3 Rxd7 21. c5
Rad8 22. Nf3 Bc4 23. Re1 h6 24. h4 Rd3 25. Rxd3 Rxd3 26. Qf4 Bb3 27. c6 b6 28.
Ne5 Rd4 29. Nd7 Qd6 30. e5 Qb4 31. Qe3 Rd3 32. Qxd3 Qxe1+ 33. Kh2 Bxa4 34. Nf6+
gxf6 35. Qg3+ Kf8 36. exf6 Qb4 37. Qxc7 Qxh4+ 38. Kg1 Qxf6 39. Qc8+ Kg7 40. Qg4+
Kf8 41. Qc8+ Kg7 42. Qg4+ Kf8 43. Qxa4 Qd6 44. Qc2 Qc7 45. Qc1 Ke7 46. Qxh6 Qe5
47. Qc1 Qc5 48. Qe1+ Kf8 49. Qd1 Kg7 50. g3 Qc3 51. Qg4+ Kf8 52. Qf4 Qc2 53.
Qd6+ Kg7 54. Qe5+ Kg6 55. c7 a4 56. g4 Qd1+ 57. Kh2 Qxg4 58. Qg3 1-0

[Event "21st European Teams"]
[Site "Hersonissos GRE"]
[Date "2017.11.06"]
[Round "9.4"]
[Board "3"]
[White "Jones, Gawain C B"]
[Black "Almasi, Zoltan"]
[Result "0-1"]
[WhiteTitle "GM"]
[BlackTitle "GM"]
[WhiteElo "2662"]
[BlackElo "2707"]
[WhiteTeam "England"]
[BlackTeam "Hungary"]
[WhiteFideId "409561"]
[BlackFideId "702293"]
[EventDate "2017.10.28"]

1. e4 e5 2. Nf3 Nc6 3. Bb5 a6 4. Ba4 Nf6 5. O-O Be7 6. Re1 b5 7. Bb3 d6 8. c3
O-O 9. d4 Bg4 10. Be3 exd4 11. cxd4 Na5 12. Nbd2 c5 13. h3 cxd4 14. Bxd4 Nxb3
15. axb3 Be6 16. Bc3 Qb6 17. Nd4 Bd7 18. Nf5 Bxf5 19. exf5 Rfe8 20. Ne4 d5 21.
Bd4 Qc6 22. Rc1 Qd7 23. Nxf6+ Bxf6 24. Rxe8+ Rxe8 25. Bxf6 gxf6 26. Qg4+ Kh8 27.
Rc3 Rg8 28. Qf3 Qd6 29. g3 Re8 30. Kh2 b4 31. Rc2 a5 32. Qh5 Qd7 33. Rd2 d4 34.
Qh4 Qxf5 35. Qxd4 Kg7 36. Kg2 h5 37. Qc4 Re4 38. Rd5 Re5 39. Rd4 Qe6 40. Qxe6
fxe6 41. Kf3 Re1 42. Re4 Rb1 43. Re2 Kf7 44. Ke4 Rd1 45. Rc2 f5+ 46. Ke3 h4 47.
gxh4 Rh1 48. Kd4 Kf6 49. Kc5 Rxh3 50. Kb5 Rxh4 51. Kxa5 Rf4 52. Kb5 e5 53. Rd2
Kg5 54. Kc5 Kg4 55. Kd5 e4 56. Kd4 Kf3 57. Ke5 Rh4 58. Kxf5 Rh5+ 59. Ke6 Rh2 60.
Rd4 Rxf2 61. Ke5 e3 62. Rf4+ Kg3 63. Rxb4 Rf8 64. Kd5 Re8 65. Rc4 e2 66. Rc1 Rb8
67. Re1 Kf2 68. Rxe2+ Kxe2 69. Kc4 Ke3 70. b4 Ke4 71. Kc5 Ke5 72. b5 Rc8+ 73.
Kb6 Kd6 74. Ka7 Rc7+ 75. Kb8 Rc5 76. b6 Kc6 77. b4 Rb5 0-1

[Event "21st European Teams"]
[Site "Hersonissos GRE"]
[Date "2017.11.06"]
[Round "9.4"]
[Board "4"]
[White "Berkes, Ferenc"]
[Black "McShane, Luke J"]
[Result "1-0"]
[WhiteTitle "GM"]
[BlackTitle "GM"]
[WhiteElo "2661"]
[BlackElo "2647"]
[WhiteTeam "Hungary"]
[BlackTeam "England"]
[WhiteFideId "718572"]
[BlackFideId "404853"]
[EventDate "2017.10.28"]

1. d4 d5 2. Nf3 Nf6 3. Bf4 c5 4. e3 Nc6 5. Nbd2 Bg4 6. c3 cxd4 7. exd4 e6 8. Qb3
Qc8 9. Bd3 Be7 10. O-O O-O 11. Qc2 Bh5 12. Ne5 a6 13. Rae1 Bg6 14. Nxg6 hxg6 15.
Nf3 b5 16. a3 Ra7 17. Qe2 Re8 18. h4 Bd8 19. g3 Ne7 20. Kg2 Nf5 21. Rh1 Bc7 22.
Ne5 Bb8 23. g4 Nd6 24. h5 Nfe4 25. hxg6 f6 26. Qf3 Kf8 27. Rh7 Rb7 28. Bc1 Rd8
29. g5 Nf5 30. Nf7 Rxf7 31. gxf7 fxg5 32. Bxe4 dxe4 33. Rxe4 Bf4 34. Bxf4 gxf4
35. Qh5 f3+ 36. Kxf3 1-0

[Event "21st European Teams"]
[Site "Hersonissos GRE"]
[Date "2017.11.06"]
[Round "9.5"]
[Board "1"]
[White "Anton Guijarro, David"]
[Black "Lupulescu, Constantin"]
[Result "1-0"]
[WhiteTitle "GM"]
[BlackTitle "GM"]
[WhiteElo "2651"]
[BlackElo "2620"]
[WhiteTeam "Spain"]
[BlackTeam "Romania"]
[WhiteFideId "2285525"]
[BlackFideId "1207822"]
[EventDate "2017.10.28"]

1. e4 c6 2. d4 d5 3. e5 Bf5 4. Nd2 e6 5. Nb3 Nd7 6. Nf3 a6 7. Be2 c5 8. c3 c4 9.
Nbd2 h6 10. Nf1 b5 11. Ne3 Bh7 12. O-O Ne7 13. g3 Nf5 14. Ng2 g5 15. Nfe1 Be7
16. f4 Ng7 17. Be3 Be4 18. Bf3 Bg6 19. Qd2 Nf5 20. fxg5 Nxe3 21. Nxe3 Bxg5 22.
h4 Bxe3+ 23. Qxe3 b4 24. h5 Bh7 25. Qxh6 Qb6 26. Rf2 O-O-O 27. Ng2 Rdg8 28. Qf4
Rf8 29. Qe3 Rfg8 30. g4 f6 31. exf6 Nxf6 32. Qe5 Nd7 33. Qf4 Rf8 34. Qe3 bxc3
35. bxc3 e5 36. Bxd5 Rxf2 37. Qxf2 Nf6 38. Bf3 Rf8 39. Re1 Ne4 40. Qe3 exd4 41.
cxd4 Re8 42. Rc1 Nd6 43. Rxc4+ Kb8 44. Qf4 Be4 1-0

[Event "21st European Teams"]
[Site "Hersonissos GRE"]
[Date "2017.11.06"]
[Round "9.5"]
[Board "2"]
[White "Parligras, Mircea-Emilian"]
[Black "Salgado Lopez, Ivan"]
[Result "1-0"]
[WhiteTitle "GM"]
[BlackTitle "GM"]
[WhiteElo "2616"]
[BlackElo "2629"]
[WhiteTeam "Romania"]
[BlackTeam "Spain"]
[WhiteFideId "1204297"]
[BlackFideId "2257327"]
[EventDate "2017.10.28"]

1. d4 Nf6 2. c4 e6 3. Nf3 b6 4. Bf4 Bb4+ 5. Nfd2 Nh5 6. Bg3 Nxg3 7. hxg3 Bb7 8.
e3 Bf8 9. Nc3 g6 10. Qc2 Bg7 11. O-O-O Qe7 12. Kb1 d6 13. Rh2 Nd7 14. Be2 a6 15.
Bf3 c6 16. g4 Rb8 17. Be2 Rc8 18. f4 c5 19. dxc5 Nxc5 20. Bf3 Bxf3 21. gxf3 b5
22. cxb5 axb5 23. Nxb5 O-O 24. Nc4 Rb8 25. Nbxd6 Qa7 26. Rdh1 Na4 27. Rxh7 Rfd8
28. Qh2 Nc3+ 29. Kc1 Nxa2+ 30. Kd1 Nc3+ 31. Kc2 Qa4+ 32. Kd3 Rxd6+ 33. Nxd6 Qa6+
34. Nc4 Rd8+ 35. Kc2 Kf8 36. Rxg7 Qxc4 37. Qh8+ Ke7 38. Rxf7+ 1-0

[Event "21st European Teams"]
[Site "Hersonissos GRE"]
[Date "2017.11.06"]
[Round "9.5"]
[Board "3"]
[White "Lopez Martinez, Josep Manuel"]
[Black "Deac, Bogdan-Daniel"]
[Result "1/2-1/2"]
[WhiteTitle "GM"]
[BlackTitle "GM"]
[WhiteElo "2607"]
[BlackElo "2560"]
[WhiteTeam "Spain"]
[BlackTeam "Romania"]
[WhiteFideId "2212943"]
[BlackFideId "1226380"]
[EventDate "2017.10.28"]

1. Nf3 d5 2. g3 g6 3. Bg2 Bg7 4. d4 Nf6 5. O-O O-O 6. c3 b6 7. Ne5 Bb7 8. c4 Qc8
9. cxd5 Bxd5 10. Bxd5 Nxd5 11. Qb3 e6 12. Nc3 Nxc3 13. Qxc3 c5 14. Qf3 Na6 15.
Be3 Nb4 16. Rfc1 Qd8 17. Rd1 Qd5 18. Qxd5 Nxd5 19. Nf3 Rac8 20. Rac1 Nxe3 21.
fxe3 Rfd8 22. dxc5 Rxd1+ 23. Rxd1 Bxb2 24. Rb1 Bf6 25. cxb6 axb6 26. Rxb6 Ra8
27. g4 h6 28. Kf2 Rxa2 29. Rb7 Ra4 30. h3 Kf8 31. Rd7 Ke8 32. Rb7 Kf8 33. Rd7
Ke8 34. Rb7 1/2-1/2

[Event "21st European Teams"]
[Site "Hersonissos GRE"]
[Date "2017.11.06"]
[Round "9.5"]
[Board "4"]
[White "Szabo, Gergely-Andras-Gyula"]
[Black "Korneev, Oleg"]
[Result "1-0"]
[WhiteTitle "GM"]
[BlackTitle "GM"]
[WhiteElo "2563"]
[BlackElo "2557"]
[WhiteTeam "Romania"]
[BlackTeam "Spain"]
[WhiteFideId "1205064"]
[BlackFideId "4156803"]
[EventDate "2017.10.28"]

1. d4 d5 2. c4 c6 3. Nf3 Nf6 4. Nc3 dxc4 5. a4 Bf5 6. e3 e6 7. Bxc4 Bb4 8. O-O
O-O 9. Nh4 Nbd7 10. h3 Rc8 11. Nxf5 exf5 12. Qf3 g6 13. g4 Qa5 14. Na2 b5 15.
axb5 cxb5 16. Bd3 fxg4 17. hxg4 a6 18. Rd1 h5 19. gxh5 Nxh5 20. e4 Rxc1 21.
Rdxc1 Bd2 22. Rd1 Qd8 23. Kf1 Qg5 24. e5 Kg7 25. Nc1 Bxc1 26. Raxc1 Nf4 27. Qg3
Qh6 28. Be4 Rd8 29. Bf3 Nb6 30. b3 Nbd5 31. Rc6 Ne6 32. Rd6 Nc3 33. d5 Rxd6 34.
exd6 Nc5 35. Qe5+ Kh7 36. Qxc3 Qh3+ 37. Ke2 Ne4 38. Qe3 1-0

[Event "21st European Teams"]
[Site "Hersonissos GRE"]
[Date "2017.11.06"]
[Round "9.6"]
[Board "1"]
[White "Zhigalko, Sergei"]
[Black "Gelfand, Boris"]
[Result "1/2-1/2"]
[WhiteTitle "GM"]
[BlackTitle "GM"]
[WhiteElo "2638"]
[BlackElo "2737"]
[WhiteTeam "Belarus"]
[BlackTeam "Israel"]
[WhiteFideId "13502956"]
[BlackFideId "2805677"]
[EventDate "2017.10.28"]

1. e4 c5 2. Nf3 Nc6 3. Bb5 g6 4. Bxc6 bxc6 5. O-O Bg7 6. Re1 Nh6 7. c3 O-O 8. h3
f5 9. e5 Nf7 10. d3 d6 11. Bf4 Ba6 12. Na3 Rb8 13. Qa4 Bxd3 14. Rad1 Bb5 15.
Nxb5 cxb5 16. Qxa7 Qb6 17. Qxb6 Rxb6 18. exd6 exd6 19. a3 b4 20. axb4 cxb4 21.
cxb4 Rxb4 22. Bxd6 Nxd6 23. Rxd6 Rxb2 24. Red1 Bf6 25. R6d2 Rxd2 26. Rxd2 Re8
27. g3 Kf7 28. Rd7+ Re7 29. Rxe7+ Kxe7 30. Kf1 Ke6 31. Ke2 1/2-1/2

[Event "21st European Teams"]
[Site "Hersonissos GRE"]
[Date "2017.11.06"]
[Round "9.6"]
[Board "2"]
[White "Rodshtein, Maxim"]
[Black "Kovalev, Vladislav"]
[Result "1-0"]
[WhiteTitle "GM"]
[BlackTitle "GM"]
[WhiteElo "2699"]
[BlackElo "2636"]
[WhiteTeam "Israel"]
[BlackTeam "Belarus"]
[WhiteFideId "2806851"]
[BlackFideId "13504398"]
[EventDate "2017.10.28"]

1. d4 Nf6 2. c4 g6 3. Nc3 Bg7 4. e4 d6 5. Be2 O-O 6. Be3 e5 7. d5 Na6 8. g4 Nc5
9. f3 a5 10. h4 h5 11. g5 Nh7 12. Qd2 f6 13. gxf6 Rxf6 14. O-O-O Bd7 15. Nh3 Qe7
16. Rdg1 Raf8 17. Kb1 Qe8 18. Rg3 b6 19. Rhg1 Kh8 20. Nb5 Qc8 21. Ng5 Na6 22. a3
a4 23. Bd1 Nc5 24. Qg2 Be8 25. Bxc5 bxc5 26. Ne6 Rxe6 27. dxe6 Bf6 28. Qh3 Rg8
29. Bxa4 Qd8 30. Nc3 c6 31. Bxc6 Bxc6 32. Rxg6 Rxg6 33. Rxg6 Be8 34. Rg1 Bxh4
35. Nd5 Bg5 36. f4 exf4 37. Qc3+ Kg8 38. e7 Qa8 39. Qh3 Bg6 40. Qe6+ Kg7 41.
Rxg5 Nxg5 42. Qf6+ Kh7 43. Qxg5 Bxe4+ 44. Ka1 Bg6 45. e8=Q 1-0